00850nac a22002411u 4500020001500000082001900015090001500034100003400049245006100083250001200144260004400156300002800200440006000228500002600288504005200314511002600366650002000392650002300412700002800435942002200463999001500485952010800500 a0824725654 a677.02832bFIB c9142d9142 a20080729  aHandbook of fiber chemistry /cedited by Menachem Lewin. a3rd ed. aLondon :b Taylor & Francis,2007.c2007 a1044 p.:bill.;c26 cm. aInternational fiber science and technology series ;v16 adistributer: Al-Ahram a Includes bibliographical references and index. acatalogued by: wessam aTextile fibers. aTextile chemistry. aLewin, Menachem,d1918- cBBk677.02832 FIB c9142d9142 00104070aMAINbMAINc1STd2016-04-08ePurchasel0o677.02832 FIBp000009717r2025-07-15 00:00:00yBB